| 000 | 00340 a2200109 4500 | ||
|---|---|---|---|
| 001 | ART_7610 | ||
| 005 | 20260410161637.0 | ||
| 008 | 260409a | ||
| 245 | 1 | 0 | _aPanorama internacional. Más sobre posibles reformas fiscales |
| 100 | 1 | _aEdelstein, Andrés M. | |
| 773 | 0 |
_tConsultor tributario _g- Nº 4 (jun. 2007) _wREV474 |
|
| 999 |
_c12985 _d12985 |
||